00305nam a2200109Ia 4500008004100000082001700041100002300058245003800081260002600119300001000145650004000155150201s2006 xx 000 0 und d a610.72bB06L aLARSON, RICHARD R. aBIOINFORMATICS AND DURG DISCONERY bSPRINGERaDELHIc2006 a1-444 aOTHER CLINICAL & NON CLINICAL BOOKS